00638nam a2200169 a 4500008004100000020001800041050001300059100002100072245017500093260003900268300002100307350000900328650005500337650003500392650002600427710001500453080516s2008 ||||||||||||||||| || u a9780821373040 aIBRD(02) aTaylor, Robert P10aFinancing energy efficiency: lessons from Brazil, China India and beyondcBy Robert P. Taylor, Chandrasekar Govindarajalu, jeremy Levin, Anke S. Meyer and William A. Ward aWashington, D.C.bWorld Bankc2008 axvii, 284p. :ill a0.00 aINDUSTRIES--ENERGY CONSUMPTION--ASIA--CASE STUDIES aINDUSTRIES--ENERGY CONSUMPTION 7aENERGY POLICY2unbist aWorld Bank